000 00312nam a22001337a 4500
008 170216b xxu||||| |||| 00| 0 eng d
020 _a9780803612938
041 _aeng
080 _24TH
_a61
100 _a4
101 _aSHM
245 _aHEALTH ASSESSMENT THROUGH THE LIFE SPAN
_cHOGSTEL, M.O
942 _2udc
_cBK
999 _c5637
_d5637